000 00918nac a22002291u 4500
010 _a 99028182
020 _a0385479999
082 0 0 _a658.4
_bIs14
090 _c2497
_d2497
100 _aIsaacs, William.
245 1 0 _aDialogue and the art of thinking together :
_ba pioneering approach to communicating in business and in life /
_cWilliam Isaacs.
250 _a1st ed.
260 _aNew York :
_bCurrency,
_cc1999.
300 _axx, 428 p. :
_bill. ;
_c22 cm.
500 _aShuaa.
504 _aIncludes bibliographical references (p. [404]-417) and index.
650 0 _aCommunication in management.
650 0 _aCommunication.
856 4 1 _3Sample text
_uhttp://www.loc.gov/catdir/enhancements/fy0601/99028182-s.html
942 _cBB
_k658.4Is14
999 _c2497
_d2497